Normal view
MARC view
Entry Término temático
001 - NÚMERO DE CONTROL
- campo de control: 51455
003 - IDENTIFICADOR DEL NÚMERO DE CONTROL
- campo de control: OSt
005 - FECHA Y HORA DE LA ÚLTIMA TRANSACCIÓN
- campo de control: 20250901111349.0
008 - DATOS DE LONGITUD FIJA
- campo de control de longitud fija: 250901|| aca||aabn | a|a d
040 ## - FUENTE DE LA CATALOGACIÓN
- Centro catalogador/agencia de origen: OSt
- Centro/agencia transcriptor: OSt
150 ## - ENCABEZAMIENTO--TÉRMINO DE MATERIA
- Término de materia o nombre geográfico como elemento de entrada: Defensoria universitaria
670 ## - FUENTE DE DATOS ENCONTRADOS
- Cita de la fuente: Work cat.: (OSt): Miranda Villena, Ruth 51122, La Defensoría Universitaria y la Calidad de la Universidad Peruana /, 2019